书目信息 |
| 题名: |
危险化学品应急处置
|
|
| 作者: | 胡忆沩 编著 | |
| 分册: | ||
| 出版信息: | 北京 化学工业出版社 2009.03 |
|
| 页数: | 402页 | |
| 开本: | 24cm | |
| 丛书名: | 危险化学品安全丛书 | |
| 单 册: | ||
| 中图分类: | TQ086.5 | |
| 科图分类: | ||
| 主题词: | 化学品--hua xue pin--危险物品管理 , 化学品--hua xue pin--危险物品管理--事故--处理 | |
| 电子资源: | ||
| ISBN: | 978-7-122-04206-4 | |
| 000 | 01036nam 2200277 450 | |
| 001 | 012009154046 | |
| 005 | 20091110200436.60 | |
| 010 | @a978-7-122-04206-4@dCNY60.00 | |
| 100 | @a20091110d2009 em y0chiy0120 ea | |
| 101 | 0 | @achi |
| 102 | @aCN@b110000 | |
| 105 | @aa a 000yy | |
| 106 | @ar | |
| 200 | 1 | @a危险化学品应急处置@Awei xian hua xue pin ying ji chu zhi@f胡忆沩编著@Fhu yi wei bian zhu |
| 210 | @a北京@c化学工业出版社@d2009.03 | |
| 215 | @a402页@c图@d24cm | |
| 225 | 2 | @a危险化学品安全丛书@Awei xian hua xue pin an quan cong shu |
| 320 | @a有书目 (第401-402页) | |
| 330 | @a本书以简表的形式提供了作业环境中常见的化学物质(如锰化合物、碲化合物、无机锡化合物等)的关键信息和数据。这些信息旨在帮助读者识别和控制化学物质的职业危害。 | |
| 410 | 0 | @12001 @a危险化学品安全丛书 |
| 606 | 0 | @a化学品@Ahua xue pin@x危险物品管理 |
| 606 | 0 | @a化学品@Ahua xue pin@x危险物品管理@x事故@x处理 |
| 690 | @aTQ086.5@v4 | |
| 701 | 0 | @a胡忆沩@Ahu yi wei@4编著 |
| 801 | 0 | @aCN@bQSSK@c20091110 |
| 905 | @b765010-11@dTQ086.5@eH527@f2 | |
| 危险化学品应急处置/胡忆沩编著.-北京:化学工业出版社,2009.03 |
| 402页:图;24cm.-(危险化学品安全丛书) |
| ISBN 978-7-122-04206-4:CNY60.00 |
| 本书以简表的形式提供了作业环境中常见的化学物质(如锰化合物、碲化合物、无机锡化合物等)的关键信息和数据。这些信息旨在帮助读者识别和控制化学物质的职业危害。 |
| ● |
| 相关链接 |
|
|
|
正题名:危险化学品应急处置
索取号:TQ086.5/H527
 
预约/预借
| 序号 | 登录号 | 条形码 | 馆藏地/架位号 | 状态 | 备注 |
| 1 | 765010 | 207650102 | 自科库501/501自科库 139排3列5层/ [索取号:TQ086.5/H527] | 在馆 | |
| 2 | 765011 | 207650111 | 期刊室512/501自科库 139排3列5层/ [索取号:TQ086.5/H527] | 在馆 |